The collected works of St. Teresa of Avila / (Record no. 5513)
[ view plain ]
| 000 -LEADER | |
|---|---|
| fixed length control field | 01032cam a2200277 i 4500 |
| 001 - CONTROL NUMBER | |
| control field | 0000005738 |
| 005 - DATE AND TIME OF LATEST TRANSACTION | |
| control field | 20170406120942.0 |
| 008 - FIXED-LENGTH DATA ELEMENTS--GENERAL INFORMATION | |
| fixed length control field | 760423m19769999dcu b 001 0 eng |
| 010 ## - LIBRARY OF CONGRESS CONTROL NUMBER | |
| LC control number | 75031305 |
| 020 ## - INTERNATIONAL STANDARD BOOK NUMBER | |
| International Standard Book Number | 0960087621 : |
| Terms of availability | $4.95 (v. 1) |
| 035 ## - SYSTEM CONTROL NUMBER | |
| -- | (DLC) 75031305 |
| 040 ## - CATALOGING SOURCE | |
| Original cataloging agency | DLC |
| Transcribing agency | DLC |
| Modifying agency | DLC |
| 041 1# - LANGUAGE CODE | |
| Language code of text/sound track or separate title | engspa |
| 050 00 - LIBRARY OF CONGRESS CALL NUMBER | |
| Classification number | BX890 |
| Item number | .T353 1976 |
| 082 00 - DEWEY DECIMAL CLASSIFICATION NUMBER | |
| Classification number | 248 |
| 100 0# - MAIN ENTRY--PERSONAL NAME | |
| Personal name | Teresa, |
| Titles and words associated with a name | of Avila, Saint, |
| Dates associated with a name | 1515-1582. |
| 240 10 - UNIFORM TITLE | |
| Uniform title | Works. |
| Language of a work | English. |
| Date of a work | 1976 |
| 245 04 - TITLE STATEMENT | |
| Title | The collected works of St. Teresa of Avila / |
| Statement of responsibility, etc. | translated by Kieran Kavanaugh and Otilio Rodriguez. |
| 260 ## - PUBLICATION, DISTRIBUTION, ETC. | |
| Place of publication, distribution, etc. | Washington : |
| Name of publisher, distributor, etc. | Institute of Carmelite Studies, |
| Date of publication, distribution, etc. | 1976-<1980>. |
| 300 ## - PHYSICAL DESCRIPTION | |
| Extent | v. <1-2> ; |
| Dimensions | 22 cm. |
| 504 ## - BIBLIOGRAPHY, ETC. NOTE | |
| Bibliography, etc. note | Includes bibliographical references and index. |
| 505 1# - FORMATTED CONTENTS NOTE | |
| Formatted contents note | v. 1. The book of her life. Spiritual testimonies. Soliloquies.--v. 2. The way of perfection. Meditations on the song of songs. The interior castle. |
| 610 20 - SUBJECT ADDED ENTRY--CORPORATE NAME | |
| Corporate name or jurisdiction name as entry element | Catholic Church. |
| 650 #0 - SUBJECT ADDED ENTRY--TOPICAL TERM | |
| Topical term or geographic name entry element | Theology |
| General subdivision | Early works to 1800. |
| 908 ## - PUT COMMAND PARAMETER (RLIN) | |
| Put command parameter | 150321 |
| Withdrawn status | Lost status | Source of classification or shelving scheme | Damaged status | Not for loan | Home library | Current library | Shelving location | Date acquired | Total Checkouts | Full call number | Barcode | Date last seen | Copy number | Price effective from | Koha item type |
|---|---|---|---|---|---|---|---|---|---|---|---|---|---|---|---|
| CUZ Harare Campus | CUZ Harare Campus | Open Shelf | 06.04.2017 | BX 890. T35 | BK0006982 | 22.05.2025 | CU12972 | 06.04.2017 | OS Book |